MARC details
| 000 -LEADER |
| fixed length control field |
02664cam a2200505 a 4500 |
| 001 - CONTROL NUMBER |
| control field |
data |
| 005 - DATE AND TIME OF LATEST TRANSACTION |
| control field |
20260322212113.0 |
| 008 - FIXED-LENGTH DATA ELEMENTS--GENERAL INFORMATION |
| fixed length control field |
data |
| 035 ## - SYSTEM CONTROL NUMBER |
| System control number |
6235139 |
| 010 ## - LIBRARY OF CONGRESS CONTROL NUMBER |
| LC control number |
77843438 |
| 035 ## - SYSTEM CONTROL NUMBER |
| System control number |
(OCoLC)21920326 |
| 040 ## - CATALOGING SOURCE |
| Original cataloging agency |
DLC |
| Language of cataloging |
eng |
| Transcribing agency |
WAU |
| Modifying agency |
DLC |
| -- |
OCLCF |
| -- |
OCLCO |
| -- |
OCLCQ |
| -- |
OCLCA |
| -- |
DLC |
| 041 1# - LANGUAGE CODE |
| Language code of text/sound track or separate title |
chi |
| Language code of original |
ger |
| 042 ## - AUTHENTICATION CODE |
| Authentication code |
lccopycat |
| 050 00 - LIBRARY OF CONGRESS CALL NUMBER |
| Classification number |
HB175 |
| Item number |
.M252 |
| 066 ## - CHARACTER SETS PRESENT |
| Alternate G0 or G1 character set |
$1 |
| 100 1# - MAIN ENTRY--PERSONAL NAME |
| Personal name |
Marx, Karl, |
| Dates associated with a name |
1818-1883. |
| 240 10 - UNIFORM TITLE |
| Uniform title |
Zur Kritik der politischen Ökonomie. |
| Language of a work |
Chinese |
| 245 10 - TITLE STATEMENT |
| Linkage |
880-01 |
| Title |
Zheng zhi jing ji xue pi pan / |
| Statement of responsibility, etc. |
Makesi ; Zhong gong zhong yang Makesi En'gesi Liening Sidalin zhu zuo bian yi ju yi. |
| 260 ## - PUBLICATION, DISTRIBUTION, ETC. |
| Linkage |
880-02 |
| Place of publication, distribution, etc. |
[Beijing?] : |
| Name of publisher, distributor, etc. |
Ren min chu ban she, |
| Date of publication, distribution, etc. |
1976. |
| 300 ## - PHYSICAL DESCRIPTION |
| Extent |
261 pages ; |
| Dimensions |
21 cm |
| 336 ## - CONTENT TYPE |
| Content type term |
text |
| Content type code |
txt |
| Source |
rdacontent |
| 337 ## - MEDIA TYPE |
| Media type term |
unmediated |
| Media type code |
n |
| Source |
rdamedia |
| 338 ## - CARRIER TYPE |
| Carrier type term |
volume |
| Carrier type code |
nc |
| Source |
rdacarrier |
| 500 ## - GENERAL NOTE |
| Linkage |
880-03 |
| General note |
Zhong wen gen ju "Makesi En'gesi juan ji" De wen ban di 13 juan yi chu. |
| 500 ## - GENERAL NOTE |
| Linkage |
880-04 |
| General note |
Appendices (p. 169-221): En'gesi, Ka'er Makesi, "Zheng zhi jing ji xue pi pan"--Makesi, Guan yu "Zheng zhi jing ji xue pi pan" di xin--Makesi, "Zheng zhi jing ji xue pi pan" dao yan. |
| 500 ## - GENERAL NOTE |
| Linkage |
880-05 |
| General note |
"Zhu shi": pages 222-233. |
| 530 ## - ADDITIONAL PHYSICAL FORM AVAILABLE NOTE |
| Additional physical form available note |
Also issued online. |
| 650 #0 - SUBJECT ADDED ENTRY--TOPICAL TERM |
| Topical term or geographic name entry element |
Economics. |
| 650 #0 - SUBJECT ADDED ENTRY--TOPICAL TERM |
| Topical term or geographic name entry element |
Marxian economics. |
| 650 #7 - SUBJECT ADDED ENTRY--TOPICAL TERM |
| Topical term or geographic name entry element |
Economics. |
| Source of heading or term |
fast |
| Authority record control number or standard number |
(OCoLC)fst00902116 |
| 650 #7 - SUBJECT ADDED ENTRY--TOPICAL TERM |
| Topical term or geographic name entry element |
Marxian economics. |
| Source of heading or term |
fast |
| Authority record control number or standard number |
(OCoLC)fst01010951 |
| 710 2# - ADDED ENTRY--CORPORATE NAME |
| Linkage |
880-06 |
| Corporate name or jurisdiction name as entry element |
Zhongguo gong chan dang. |
| Subordinate unit |
Zhong yang Makesi En'gesi Liening Sidalin zhu zuo bian yi ju. |
| 776 08 - ADDITIONAL PHYSICAL FORM ENTRY |
| Relationship information |
Online version: |
| Main entry heading |
Marx, Karl, 1818-1883. |
| Uniform title |
Zur Kritik der politischen Ökonomie. Chinese. |
| Title |
Zheng zhi jing ji xue pi pan. |
| Place, publisher, and date of publication |
[Beijing?] : Ren min chu ban she, 1976 |
| Record control number |
(OCoLC)551342318 |
| 880 10 - ALTERNATE GRAPHIC REPRESENTATION |
| Linkage |
245-01/$1 |
| a |
$1!BA!G4'Q<'I&':`!@+!3Z(B / |
| c |
$1'a,'3k!>.(B ; $1!04!3(!04!9*'a,'3k!>.!>C!DU!Bd!3W';2!Bd!9%!D$!UN!1?'Q['YF!;P'YF(B. |
| 880 ## - ALTERNATE GRAPHIC REPRESENTATION |
| Linkage |
260-02/$1 |
| a |
[$1!4I!0a(B?] : |
| b |
$1!0d!FM!3K!JH!Na(B, |
| c |
1976. |
| 880 ## - ALTERNATE GRAPHIC REPRESENTATION |
| Linkage |
500-03/$1 |
| a |
$1!04!BX!DN'A|i!T'a,'3k!>.!>C!DU!Bd!3"!_Ai!U!=u!BX!JH!Os(B13$1'@{'YF!3K(B. |
| 880 ## - ALTERNATE GRAPHIC REPRESENTATION |
| Linkage |
500-04/$1 |
| a |
Appendices (p. 169-221): $1!>C!DU!Bd(B, $1!4g'JEi!&'a,'3k!>.(B, $1i!T!BA!G4'Q<'I&':`!@+!3Zi!U(B--$1'a,'3k!>.(B, $1'^i!0Ri!T!BA!G4'Q<'I&':`!@+!3Zi!U!M"!1W(B--$1'a,'3k!>.(B, $1i!T!BA!G4'Q<'I&':`!@+!3Zi!U';D!X7(B. |
| 880 ## - ALTERNATE GRAPHIC REPRESENTATION |
| Linkage |
500-05/$1 |
| a |
"$1'XL!]8(B": pages 222-233. |
| 880 2# - ALTERNATE GRAPHIC REPRESENTATION |
| Linkage |
710-06/$1 |
| a |
$1!04K7o!3('Kz'bo(B. |
| b |
$1!04!9*'a,'3k!>.!>C!DU!Bd!3W';2!Bd!9%!D$!UN!1?'Q['YF!;P(B. |
| 906 ## - LOCAL DATA ELEMENT F, LDF (RLIN) |
| a |
7 |
| b |
cbc |
| c |
copycat |
| d |
3 |
| e |
epcn |
| f |
20 |
| g |
y-nonroman |
| 925 0# - |
| -- |
acquire |
| -- |
1 shelf copies |
| -- |
policy default |
| 991 ## - |
| -- |
c-GenColl |
| -- |
HB175 |
| -- |
.M252 |
| -- |
Copy 1 |
| -- |
PREM |